000 00690nam a2200217 a 4500
001 000043429
005 20201002040915.0
008 140314s1974 sp 000 0 spa d
020 _a8433401599
040 _aDO-SdBNP
_bspa
_cBNPHU
082 _a863.64
_bV393c
100 1 _aVázquez Azpiri, Héctor,
_d1931-
_944491
245 1 3 _aEl Cura Merino, el regicida /
_cHéctor Vázquez Azpiri.
260 _aMadrid :
_bEdiciones Jucar,
_c1974.
300 _a294 p. ;
_c18 cm.
490 1 _aBiblioteca Jucar
_v15
500 _aIncluye notas al pie de las páginas
650 4 _aNovela española
_91123
650 4 _aLiteratura española
_ySIGLO XX
_93326
830 0 _aBiblioteca Jucar
_n15
_971091
999 _c42918
_d42918